Statistics for Flags with the Most Stars

Click here to take the quiz!

General Stats

  • This quiz has been taken 15,623 times
  • The average score is 10 of 23

Answer Stats

# Country % Correct
50United States
99%
6Australia
91%
4New Zealand
89%
5China
87%
4F.S. Micronesia
59%
9Bosnia
57%
9Tuvalu
51%
8Venezuela
49%
5Samoa
47%
27Brazil
46%
5Solomon Islands
39%
5Honduras
39%
5Papua New Guinea
38%
6Kosovo
31%
12Uzbekistan
30%
5Singapore
27%
10Cape Verde
23%
5Turkmenistan
20%
4Comoros
20%
7Tajikistan
17%
10Dominica
14%
7Grenada
14%
6Equatorial Guinea
5%

Score Distribution

Percentile by Number Answered

Percent of People with Each Score

Your Score History

You have not taken this quiz